| 000 | 01073cam a2200349 a 4500 | ||
|---|---|---|---|
| 003 | OSt | ||
| 005 | 20140310182528.0 | ||
| 008 | 080725s2010 iaua 001 0 eng | ||
| 010 | _a2008033022 | ||
| 020 | _a9780073525709 (hard copy : alk. paper) | ||
| 020 | _a0073525707 (hard copy : alk. paper) | ||
| 020 | _a0071220097 (pbk.) | ||
| 020 | _a9780071220095 (pbk.) | ||
| 035 | _aCUA000286290 | ||
| 050 |
_aQP 34.5 _b.Sh555 2010 |
||
| 100 | 1 |
_aShier, David. _99618 |
|
| 245 | 1 | 0 |
_aHole's human anatomy & physiology / _cDavid Shier, Jackie Butler, Ricki Lewis. |
| 246 | 3 | _aHole's human anatomy and physiology. | |
| 246 | 3 | 0 | _aHuman anatomy & physiology. |
| 250 | _a12th ed. | ||
| 260 |
_aDubuque : _bMcGraw-Hill, _cc2010. |
||
| 300 |
_a1010 p. : _bcol. ill. ; ; _c29 cm. |
||
| 500 | _aIncludes index. | ||
| 650 | 0 |
_aHuman physiology. _97520 |
|
| 650 | 0 |
_aHuman anatomy. _92588 |
|
| 650 | 2 |
_aAnatomy. _98595 |
|
| 650 | 2 |
_aPhysiology. _98256 |
|
| 700 | 1 |
_aButler, Jackie. _99619 |
|
| 700 | 1 |
_aLewis, Ricki. _99525 |
|
| 942 |
_2lcc _cSSLC |
||
| 999 |
_c14104 _d14104 |
||